Countries With Only One Z - Statistics

General Stats
  • This quiz has been taken 126 times
    68 since last reset
  • The average score is 13 of 15
Answer Stats
Continent Country % Correct
Africa Zambia
98%
Africa Zimbabwe
96%
Oceania New Zealand
92%
Asia Azerbaijan
90%
South America Brazil
88%
South America Venezuela
88%
North America Belize
84%
Asia Kazakhstan
84%
Africa Mozambique
84%
Europe Switzerland
82%
Africa Tanzania
78%
Asia Uzbekistan
78%
Asia Kyrgyzstan
76%
Europe Bosnia and Herzegovina
73%
Europe Czech Republic
73%
No matching quizzes found
Score Distribution
Percent of People with Each Score
Percentile by Number Answered
Your Score History
You have not taken this quiz since the last reset